<?xml version="1.0" encoding="UTF-8"?>
<collection xmlns="http://www.loc.gov/MARC21/slim">
 <record>
  <leader>00961nam a22001935a 4500</leader>
  <controlfield tag="001">EUN.eunm009052</controlfield>
  <controlfield tag="008">041125s1965####xxka#####b####001#0#eng#d</controlfield>
  <controlfield tag="005">20230413140238.0</controlfield>
  <datafield tag="245" ind1="1" ind2="0">
   <subfield code="a">Tensor calculus through Differential Geometry /</subfield>
   <subfield code="c">J. Abram.</subfield>
  </datafield>
  <datafield tag="260" ind1=" " ind2=" ">
   <subfield code="a">London :</subfield>
   <subfield code="b">Butterworths,</subfield>
   <subfield code="c">1965.</subfield>
  </datafield>
  <datafield tag="300" ind1=" " ind2=" ">
   <subfield code="a">v p., 170 p. :</subfield>
   <subfield code="b">ilus. ;</subfield>
   <subfield code="c">23 cm.</subfield>
  </datafield>
  <datafield tag="504" ind1=" " ind2=" ">
   <subfield code="a">Bibliografía: p. 166.</subfield>
  </datafield>
  <datafield tag="504" ind1=" " ind2=" ">
   <subfield code="a">Índice de materias: p. 167-170.</subfield>
  </datafield>
  <datafield tag="505" ind1="0" ind2="0">
   <subfield code="t">Preface -- 1. Introductory Concepts -- 2. The Two-dimensional Curved Surface -- 3. Special Results -- 4. Some Riemannian Geometry -- 5. Differential Geometry -- 6. Further Differential Geometry -- 7. Applications of Tensor Methods to the Mechanics of Continuous Media -- 8. Applications of Tensor Methods to Dynamics -- Bibliography -- Index.</subfield>
  </datafield>
  <datafield tag="100" ind1="1" ind2=" ">
   <subfield code="a">Abram, J.</subfield>
   <subfield code="q">(John)</subfield>
  </datafield>
  <datafield tag="082" ind1="0" ind2="4">
   <subfield code="a">516.8</subfield>
  </datafield>
  <datafield tag="650" ind1=" " ind2="7">
   <subfield code="a">Geometría diferencial.</subfield>
   <subfield code="2">embne</subfield>
  </datafield>
  <datafield tag="650" ind1=" " ind2="7">
   <subfield code="a">Cálculo.</subfield>
   <subfield code="2">embne</subfield>
  </datafield>
  <datafield tag="859" ind1=" " ind2=" ">
   <subfield code="a">AR-BaUNS</subfield>
   <subfield code="b">BIB. CENTRAL - Sector C</subfield>
   <subfield code="h">516.8</subfield>
   <subfield code="i">Ab83</subfield>
   <subfield code="p">1087/967</subfield>
  </datafield>
 </record>
</collection>
